00777 2200313 4500001002100000005001800021008004100039020002200080035002400102090001700126100001800143245002300161250001100184260003700195300003400232650001000266700002200276850001500298999001500313999001500328999001500343999001500358999001500373999001500388999001500403999001500418999001500433999001500448YOGYA-0111000000016720110126104032546 ind  a978-602-8797-31-3 0010-011100000000167 aPK 812 Juh M aJuharmie, E.K aMari bermain drama aCet. 1 aBandungbCipta Dea Pustakac2009 av, 160 hlm . ; 21 cm. (2 eks) aDrama aBambang, Muhammad aYOPDYOG[B] a10BPK02267 a10BPK02268 a10BPK02269 a10BPK02270 a10BPK02271 a10BPK02272 a10BPK02273 a10BPK02274 a10BPK02275 a10BPK02276